| 000 | 00951nam a2200229 a 4500 | ||
|---|---|---|---|
| 001 | 000043271 | ||
| 005 | 20201002040757.0 | ||
| 008 | 140303s2007 sp 000 0 spa d | ||
| 020 | _a9788483470275 | ||
| 040 |
_aDO-SdBNP _bspa _cBNPHU |
||
| 100 | 1 |
_aTeresa de Mier, José Servando _cfray _970887 |
|
| 245 | 1 | 0 |
_aFray Servando Teresa de Mier / _cMier Noriega y Guerra, ; introducción y edición de Manuel Ortuño Martínez. |
| 260 |
_aMadrid : _bAgencia Española de Cooperación Internacional, _c2007. |
||
| 300 |
_a156 p. ; _c24 cm. |
||
| 490 | 1 |
_aAntología del pensamiento político, social y económico de América latina ; _v21 |
|
| 490 | 1 | _aCiencias y humanismo | |
| 504 | _aBibliografía : p. 155-[157] | ||
| 700 | 1 |
_aOrtuño Martínez, Manuel, _eed. _970888 |
|
| 700 | 1 |
_aMier, Teresa de _970889 |
|
| 830 | 0 |
_aAntología del pensamiento político, social y económico de América latina _v21 _970870 |
|
| 830 | 0 |
_aCiencias y humanismo _970218 |
|
| 999 |
_c42760 _d42760 |
||